| 000 | 00706nam a22002055i 4500 | ||
|---|---|---|---|
| 001 | 176683 | ||
| 003 | ES-MaACL | ||
| 005 | 20230906220148.0 | ||
| 008 | 110201s2009 sp |||| | spa d | ||
| 020 | _a978-84-96757-19-6 | ||
| 080 | _a347(460.25) | ||
| 100 | 1 |
_aVillalba Lava, Mercenario. _9144981 |
|
| 245 | 1 | 3 |
_aEl Fuero del Baylío como Derecho Foral de Extremadura _b: primer premio Luis Romero y Espinosa / _cMercenario Villalba Lava. |
| 260 |
_aMérida : _bAsamblea de Extremadura, _cD. L. 2009. |
||
| 300 |
_a2 v. ; _c24 cm. |
||
| 504 | _aBibliografía. | ||
| 546 | _aTexto en español y resumen en portugués. | ||
| 650 | 0 | 4 |
_aFueros- _zExtremadura. _9144982 |
| 852 |
_aES-MaACL _jE-14163-64 |
||
| 999 |
_c176683 _d176683 |
||